A comparison of present time and tense in English and Malay /
Saved in:
| Main Author: | |
|---|---|
| Format: | Thesis Book |
| Language: | English |
| Published: |
1997.
|
| Subjects: | |
| Tags: |
Add Tag
No Tags, Be the first to tag this record!
|
| LEADER | 01540cam a2200361 a 4500 | ||
|---|---|---|---|
| 001 | u424227 | ||
| 003 | SIRSI | ||
| 008 | 950908s1997 my t 00 eng m | ||
| 035 | |a ACF-1198 | ||
| 040 | |a UMB |d UMM | ||
| 100 | 0 | 0 | |a Idris Awang. |
| 100 | |a Idris Awang. | ||
| 090 | |a PE1301 |b Idra | ||
| 091 | |a Microfiche 14166 | ||
| 093 | |a PE1301 |b Idra | ||
| 245 | 1 | 2 | |a A comparison of present time and tense in English and Malay / |c Idris Awang. |
| 260 | |c 1997. | ||
| 270 | |a Universiti Malaya. Akademi Pengajian Islam. Jabatan Fiqh dan Usul | ||
| 300 | |a xv, 222 p. : |b ill. ; |c 29 cm. | ||
| 500 | |a Fakulti Bahasa dan Linguistik close stack. | ||
| 500 | |a Microfiche. Kuala Lumpur : University of Malaya Library, 1999. 3 fiches : negative ; 11 x 15 cm. | ||
| 502 | |a Thesis (Ph.D) -- Fakulti Bahasa dan Linguistik, Universiti Malaya,1997. | ||
| 504 | |a Bibliography: leaves 211-222. | ||
| 650 | 0 | |a English language |x Tense. | |
| 650 | 0 | |a Malay language |x Tense. | |
| 650 | 0 | |a Malay language |x Grammar, Comparative |x English. | |
| 650 | 0 | |a English language |x Grammar, Comparative |x Malay. | |
| 710 | 2 | 0 | |a Universiti Malaya. |b Fakulti Bahasa dan Linguistik. |
| 948 | |a 18/05/1998 |b 15/01/2003 | ||
| 596 | |a 1 6 | ||
| 999 | |a PE1301 IDRA |w LC |c 1 |i A507731600 |d 13/5/2013 |e 13/5/2013 |l STACKS |m P01UTAMA |n 14 |r Y |s Y |t TESIS |u 8/9/1998 | ||
| 999 | |a PE1301 IDRA |w LC |c 2 |i A505614535 |d 16/1/2012 |e 16/1/2012 |l STACKS |m P01UTAMA |n 11 |r Y |s Y |t TESIS |u 10/12/1998 | ||
| 999 | |a PE1301 IDRA |w LC |c 1 |i A503700329 |d 18/7/2012 |e 20/6/2011 |l STACKS |m P06BAHASA |n 1 |r Y |s Y |t TESIS |u 26/5/1998 | ||
